| 000 | 01145cam a22003377a 4500 | ||
|---|---|---|---|
| 003 | CHAP | ||
| 005 | 20220329132938.0 | ||
| 008 | 971013s1989 r 00010 d | ||
| 010 | _a527 | ||
| 011 | _a1499 | ||
| 035 | _a675 | ||
| 040 | _cCHAP | ||
| 090 | _aTesis | ||
| 100 | 0 | 0 |
_aReyes Ramos, María Eugenia. _996963 |
| 245 | 1 | 4 | _aLas características del reparto de tierras y de la política agraria en Chiapas 1914-1988 |
| 260 |
_aChapingo, Méx. : _bEl autor, _c1989 |
||
| 300 |
_a120 h. _b: anexos |
||
| 500 | _a36-244 | ||
| 502 | _aTesis (Maestro en Ciencias Esp. en Sociología Rural) -- UACH. Departamento de Sociología Rural | ||
| 590 |
_aALEPH _b10 _c20130110 _lUCH01 _h1205 |
||
| 590 |
_aBATCH-UPD _b10 _c20130110 _lUCH01 _h1702 |
||
| 590 |
_aBATCH-UPD _b10 _c20130410 _lUCH01 _h1050 |
||
| 590 |
_aBATCH-UPD _b10 _c20130914 _lUCH01 _h1957 |
||
| 590 |
_aCONVERSION _b10 _c20130109 _lUCH01 _h1302 |
||
| 650 | 1 | 4 |
_aReforma agraria _xChiapas. _995531 |
| 650 | 1 | 4 |
_aTierras _xTenencia _xChiapas. _9113149 |
| 901 | _aBK | ||
| 942 | _cFOLL | ||
| 949 |
_bBC _cTES _d-10131 _eTS1 _h22714 _i675 _si |
||
| 949 |
_bBC _cTES _d-61009 _eTS2 _fc.2 _h27218 _i675 _si |
||
| 999 |
_c527 _d527 |
||